[Event "45th Olympiad 2024"]
[Site "Budapest HUN"]
[Date "2024.09.18"]
[Round "7.28"]
[Board "2"]
[White "Karimov, Alisher"]
[Black "Quintiliano, Renato R."]
[Result "0-1"]
[WhiteTitle "FM"]
[BlackTitle "GM"]
[WhiteElo "2240"]
[BlackElo "2499"]
[WhiteTeam "Tajikistan"]
[BlackTeam "Brazil"]
[WhiteFideId "14700280"]
[BlackFideId "2117568"]
[EventDate "2024.09.11"]

1. d4 d5 2. c4 c6 3. Nc3 Nf6 4. cxd5 cxd5 5. Bg5 Ne4 6. Nxe4 dxe4 7. a3 h6 8.
Bf4 Nc6 9. d5 e5 10. dxc6 exf4 11. Qa4 bxc6 12. Qxe4+ Be7 13. Rd1 Qb6 14. Nh3
Qxb2 15. Nxf4 Qc3+ 16. Rd2 Rb8 17. Qd3 Qc1+ 18. Rd1 Qxf4 19. g3 Qf5 20. Bg2 Qxd3
21. Rxd3 Rb6 22. O-O O-O 23. Rc1 c5 24. Bd5 Rd8 25. f4 Ba6 26. Rd2 Bb7 27. e4
Bxd5 28. exd5 Rb3 29. d6 Rxd6 0-1

[Event "45th Olympiad 2024"]
[Site "Budapest HUN"]
[Date "2024.09.18"]
[Round "7.29"]
[Board "1"]
[White "Gascon Del Nogal, Jose Rafael"]
[Black "Kozak, Adam"]
[Result "1/2-1/2"]
[WhiteTitle "GM"]
[BlackTitle "GM"]
[WhiteElo "2454"]
[BlackElo "2609"]
[WhiteTeam "Venezuela"]
[BlackTeam "Hungary B"]
[WhiteFideId "3902463"]
[BlackFideId "753246"]
[EventDate "2024.09.11"]

1. d4 Nf6 2. c4 e6 3. g3 d5 4. Nf3 dxc4 5. Bg2 c6 6. O-O b5 7. Ne5 Bb7 8. a4 a6
9. b3 cxb3 10. Qxb3 Be7 11. Bb2 O-O 12. Nd2 Nd5 13. Rfc1 Qc8 14. e4 Nc7 15. Ba3
bxa4 16. Qxa4 Bxa3 17. Rxa3 Nb5 18. Rd3 Nd7 19. Nxd7 Qxd7 20. Nb3 Ra7 21. e5 Ba8
22. Nc5 Qe7 23. h4 Rd8 24. Rdd1 h6 25. Be4 a5 26. Bb1 h5 27. Rd3 g6 28. Rc4 Kg7
29. Rf3 Rxd4 30. Rxd4 Qxc5 31. Rd8 Qb4 32. Qc2 Qe7 33. Rd1 c5 34. Rf4 Qb7 35. f3
Nd4 36. Qf2 Nxf3+ 37. Kf1 Nxe5 38. Be4 Qb3 39. Re1 Ng4 40. Qxc5 Qxg3 41. Rxg4
hxg4 42. Qxa7 Qh3+ 43. Ke2 Qh2+ 44. Kd3 Qg3+ 45. Qe3 Bxe4+ 46. Kxe4 Qxh4 47.
Qc3+ Kg8 48. Qc8+ Kg7 49. Qc3+ Kg8 50. Qc8+ Kg7 51. Qc3+ 1/2-1/2

[Event "45th Olympiad 2024"]
[Site "Budapest HUN"]
[Date "2024.09.18"]
[Round "7.29"]
[Board "2"]
[White "Banusz, Tamas"]
[Black "Ynojosa Aponte, Felix Jose"]
[Result "1-0"]
[WhiteTitle "GM"]
[BlackTitle "IM"]
[WhiteElo "2605"]
[BlackElo "2398"]
[WhiteTeam "Hungary B"]
[BlackTeam "Venezuela"]
[WhiteFideId "722413"]
[BlackFideId "3900258"]
[EventDate "2024.09.11"]

1. Nf3 c5 2. c4 Nf6 3. g3 b6 4. Bg2 Bb7 5. O-O e6 6. Nc3 Be7 7. d4 cxd4 8. Qxd4
d6 9. Rd1 Nbd7 10. Nb5 d5 11. cxd5 Bxd5 12. Bf4 O-O 13. Rac1 Bc5 14. Qa4 Ne4 15.
e3 Ndf6 16. Nc7 Ng4 17. Nxd5 exd5 18. Rc2 Re8 19. Qb3 Qf6 20. Rxd5 Nexf2 21.
Rxf2 Rxe3 22. Qc2 Re1+ 23. Nxe1 Bxf2+ 24. Kh1 Re8 25. Nf3 Be3 26. Bxe3 Nxe3 27.
Qe2 Qc6 28. Rd3 Nxg2 29. Qxg2 Qc4 30. Qd2 Qxa2 31. Rd8 Qa4 32. Qd7 Qxd7 33. Rxd7
h6 34. Rxa7 Re2 35. b3 g5 36. Nd4 Re4 37. Rd7 h5 38. Kg2 g4 39. Kf2 1-0

[Event "45th Olympiad 2024"]
[Site "Budapest HUN"]
[Date "2024.09.18"]
[Round "7.29"]
[Board "3"]
[White "Escalona Landi, Samid Eduardo"]
[Black "Prohaszka, Peter2"]
[Result "0-1"]
[WhiteTitle "FM"]
[BlackTitle "GM"]
[WhiteElo "2305"]
[BlackElo "2542"]
[WhiteTeam "Venezuela"]
[BlackTeam "Hungary B"]
[WhiteFideId "3937437"]
[BlackFideId "726265"]
[EventDate "2024.09.11"]

1. e4 c6 2. d4 d5 3. exd5 cxd5 4. c4 Nf6 5. Nc3 Nc6 6. Nf3 e6 7. c5 Be7 8. Bb5
O-O 9. O-O Bd7 10. Re1 a6 11. Bxc6 Bxc6 12. Ne5 Nd7 13. Nxc6 bxc6 14. b4 Bf6 15.
Rb1 Re8 16. f4 g6 17. Be3 Bg7 18. Qd2 Nf6 19. h3 Ne4 20. Qc2 f5 21. a4 Qh4 22.
Rf1 Reb8 23. Nxe4 fxe4 24. Kh2 Qe7 25. Rb3 Rf8 26. Rfb1 g5 27. fxg5 e5 28. Qd2
exd4 29. Bxd4 Be5+ 30. Kg1 Qg7 31. Rd1 Rf5 32. b5 axb5 33. axb5 Raf8 34. Rb4
cxb5 35. h4 Qc7 36. Bxe5 Qxe5 37. Qd4 Qg3 38. Rxb5 e3 39. Rb7 Rf1+ 0-1

[Event "45th Olympiad 2024"]
[Site "Budapest HUN"]
[Date "2024.09.18"]
[Round "7.29"]
[Board "4"]
[White "Antal, Gergely"]
[Black "Castro Torres, Jose Luis"]
[Result "1-0"]
[WhiteTitle "GM"]
[BlackTitle "FM"]
[WhiteElo "2544"]
[BlackElo "2299"]
[WhiteTeam "Hungary B"]
[BlackTeam "Venezuela"]
[WhiteFideId "717312"]
[BlackFideId "3901831"]
[EventDate "2024.09.11"]

1. e4 c5 2. Nf3 Nc6 3. Bb5 e6 4. Bxc6 bxc6 5. d3 Ne7 6. Nbd2 Ng6 7. h4 h5 8. e5
f6 9. Qe2 Qc7 10. Nc4 d5 11. exd6 Bxd6 12. Nfd2 Be7 13. Ne4 e5 14. Be3 Nf4 15.
Bxf4 exf4 16. Ned6+ Kf8 17. Nxc8 Rxc8 18. O-O-O Rd8 19. Rde1 g6 20. Qf3 Kf7 21.
Re4 Rd4 22. Re2 Rhd8 23. Rhe1 Bf8 24. a3 R8d7 25. Kb1 Re7 26. Rxe7+ Bxe7 27. c3
Rd5 28. Re4 f5 29. Qxf4 Qxf4 30. Rxf4 Kg7 31. Kc2 g5 32. hxg5 Bxg5 33. Rf3 Kg6
34. Rh3 f4 35. Nd2 Re5 36. Kd1 Be7 37. Nf3 Rd5 38. Ke2 Bf6 39. Rh1 Rd7 40. Nd2
Rb7 41. Nc4 Kg5 42. Kf3 Rd7 43. Rd1 Kf5 44. Na5 Rc7 45. Rd2 Rc8 46. Nb3 Be7 47.
d4 Rb8 48. Na5 Rb6 49. Nc4 Rb8 50. Re2 Bf6 51. dxc5 Rb3 52. Nd6+ Kg5 53. Ne4+
Kf5 54. Nxf6 Kxf6 55. Kxf4 a5 56. Ke4 a4 57. Kd3 Kf5 58. g3 Rb5 59. f3 Kf6 60.
g4 h4 61. f4 Rb8 62. Rh2 Rh8 63. Ke4 Rh7 64. Kf3 Ke6 65. Rd2 Rh8 66. Kg2 Rf8 67.
Rd4 Rb8 68. Rb4 Kd5 1-0

[Event "45th Olympiad 2024"]
[Site "Budapest HUN"]
[Date "2024.09.18"]
[Round "7.31"]
[Board "1"]
[White "Camacho Collados, Jose"]
[Black "Tin, Jingyao"]
[Result "0-1"]
[WhiteTitle "IM"]
[BlackTitle "GM"]
[WhiteElo "2352"]
[BlackElo "2580"]
[WhiteTeam "Wales"]
[BlackTeam "Singapore"]
[WhiteFideId "2265427"]
[BlackFideId "5804418"]
[EventDate "2024.09.11"]

1. e4 e5 2. Nc3 Nc6 3. Bc4 Nf6 4. d3 Na5 5. Qf3 Nxc4 6. dxc4 Bb4 7. a3 Bxc3+ 8.
Qxc3 d6 9. f3 Be6 10. Be3 O-O 11. Ne2 Nd7 12. g4 a6 13. Ng3 b5 14. cxb5 axb5 15.
Qd2 Rb8 16. Nf5 Nb6 17. Bxb6 Rxb6 18. h4 d5 19. exd5 Bxf5 20. gxf5 Qd7 21. Rg1
Qxf5 22. Qg5 Qxg5 23. Rxg5 f6 24. Rg4 Ra8 25. O-O-O Kf7 26. c4 f5 27. Rg5 g6 28.
c5 Rba6 29. h5 Ra4 30. hxg6+ hxg6 31. Rg2 b4 32. axb4 Rxb4 33. Kb1 Rc4 34. c6
Rd8 35. Rc2 Rxc2 36. Kxc2 Ke7 37. Rg1 Kd6 38. Rxg6+ Kxd5 39. Rf6 f4 40. b4 Rb8
41. Kc3 Rb6 42. Rf7 Rxc6+ 43. Kd3 Rc1 44. b5 Rc5 45. Rd7+ Ke6 46. Rh7 Rxb5 47.
Rxc7 Rb2 48. Rc2 Rb8 49. Ke2 Kf5 50. Rc7 Rb2+ 51. Kf1 Rb8 52. Ke2 Kg5 53. Rg7+
Kf6 54. Ra7 Ke6 55. Ra5 Kf6 56. Ra7 Kg5 57. Rg7+ Kf5 58. Ra7 Kf6 59. Ra5 Rb2+
60. Ke1 Kg5 61. Rxe5+ Kh4 62. Kf1 Kg3 63. Ra5 Rb3 64. Ra2 Rb1+ 65. Ke2 Kg2 66.
Ra3 Rb8 67. Rc3 Re8+ 68. Kd2 Kf2 69. Rd3 Re7 70. Ra3 Rd7+ 71. Kc2 Ke2 72. Rc3
Rd2+ 73. Kc1 Rd3 74. Rc8 Kxf3 75. Kc2 Rd7 76. Re8 Kf2 77. Kc3 f3 78. Kc2 Kf1 79.
Kc3 f2 80. Re6 Rg7 81. Kd2 Kg1 0-1

[Event "45th Olympiad 2024"]
[Site "Budapest HUN"]
[Date "2024.09.18"]
[Round "7.31"]
[Board "2"]
[White "Siddharth, Jagadeesh"]
[Black "Kozusek, Daniel"]
[Result "1-0"]
[WhiteTitle "GM"]
[BlackTitle "FM"]
[WhiteElo "2514"]
[BlackElo "2367"]
[WhiteTeam "Singapore"]
[BlackTeam "Wales"]
[WhiteFideId "5818320"]
[BlackFideId "349500"]
[EventDate "2024.09.11"]

1. e4 c5 2. Nf3 e6 3. Nc3 Nc6 4. h3 Nge7 5. d4 cxd4 6. Nxd4 Nxd4 7. Qxd4 Nc6 8.
Qe3 Be7 9. Qg3 O-O 10. Bf4 d6 11. O-O-O Bh4 12. Qd3 Bg5 13. Bxg5 Qxg5+ 14. Qd2
Qc5 15. Qxd6 Qxf2 16. Bb5 Qb6 17. Rhf1 Bd7 18. Qxd7 Rad8 19. Bxc6 Rxd7 20. Bxd7
Qe3+ 21. Kb1 a6 22. Ba4 b5 23. Bb3 b4 24. Na4 Qxe4 25. Nc5 Qa8 26. Rd2 h6 27.
Rdf2 Rc8 28. Rxf7 Rxc5 29. Rf8+ Qxf8 30. Bxe6+ Kh7 31. Rxf8 Re5 32. Bg8+ 1-0

[Event "45th Olympiad 2024"]
[Site "Budapest HUN"]
[Date "2024.09.18"]
[Round "7.33"]
[Board "1"]
[White "Cori, Jorge"]
[Black "Oatlhotse, Providence"]
[Result "1-0"]
[WhiteTitle "GM"]
[BlackTitle "IM"]
[WhiteElo "2609"]
[BlackElo "2239"]
[WhiteTeam "Peru"]
[BlackTeam "Botswana"]
[WhiteFideId "3802272"]
[BlackFideId "11300507"]
[EventDate "2024.09.11"]

1. d4 Nf6 2. c4 g6 3. Nc3 Bg7 4. e4 d6 5. h3 Nbd7 6. Be3 e5 7. d5 Nc5 8. Qc2 a5
9. g4 c6 10. Be2 cxd5 11. cxd5 O-O 12. g5 Ne8 13. Nf3 Bd7 14. h4 Rc8 15. Nd2 f5
16. Bxc5 Rxc5 17. Qb3 Rf7 18. a4 Bf8 19. Nc4 h6 20. f4 exf4 21. e5 hxg5 22. e6
Rh7 23. O-O-O Bc8 24. hxg5 Rxh1 25. Rxh1 Qxg5 26. Kb1 Bg7 27. Nb5 Qe7 28. Nb6
Qd8 29. Na7 g5 30. Bd3 Bxe6 31. dxe6 d5 32. Nd7 Rc6 33. Qxd5 Qe7 34. Nxc6 bxc6
35. Qxf5 Nf6 36. Qg6 1-0

[Event "45th Olympiad 2024"]
[Site "Budapest HUN"]
[Date "2024.09.18"]
[Round "7.35"]
[Board "1"]
[White "Ferreira, Jorge Viterbo"]
[Black "Tissir, Mohamed"]
[Result "1-0"]
[WhiteTitle "GM"]
[BlackTitle "IM"]
[WhiteElo "2535"]
[BlackElo "2355"]
[WhiteTeam "Portugal"]
[BlackTeam "Morocco"]
[WhiteFideId "1910850"]
[BlackFideId "9000240"]
[EventDate "2024.09.11"]

1. d4 Nf6 2. c4 g6 3. Nc3 Bg7 4. e4 d6 5. Nf3 O-O 6. Be2 e5 7. Be3 Nbd7 8. O-O
Qe7 9. Qc2 c6 10. Rad1 Re8 11. d5 c5 12. Ne1 Rf8 13. Kh1 Ne8 14. g4 Kh8 15. Rg1
Ndf6 16. Rg3 Ng8 17. Qd2 Nef6 18. a3 b6 19. f3 Nd7 20. Ng2 a6 21. Rb1 Qd8 22.
Bd3 Rb8 23. b4 Qc7 24. Rg1 Qd8 25. Ne1 Re8 26. Bc2 Qc7 27. Bd3 Qd8 28. Be2 Bb7
29. Nd3 Qc7 30. Nf2 Rec8 31. b5 Ra8 32. bxa6 Bxa6 33. h4 h6 34. Nfd1 Re8 35. Nb2
Qd8 36. Rh3 Rf8 37. Bd3 Qe7 38. Rh2 Rfb8 39. Ra1 Kh7 40. Nb5 Rc8 41. Qe2 Ngf6
42. Nc3 Rcb8 43. Bc2 Ne8 44. Bd2 Nc7 45. Bd3 Bc8 46. Nbd1 Kg8 47. Ne3 Nf6 48.
Nb5 h5 49. Qg2 Nxb5 50. cxb5 Ra4 51. g5 Ne8 52. Nc4 Nc7 53. Nb2 Ra7 54. Qe2 Bd7
55. a4 Qe8 56. Rb1 Bf8 57. Bc2 Nxb5 58. axb5 Bxb5 59. Qf2 Rba8 60. Bc3 Ra1 61.
Rg2 Rxb1+ 62. Bxb1 Ra3 63. Nd1 Qd7 64. Kh2 Ra7 65. Bb2 Ba6 66. f4 Qa4 67. Bc2
Qc4 68. fxe5 dxe5 69. Ne3 Qa2 70. Bxe5 Be7 71. Qf4 Qa3 72. Rf2 Bd8 73. Bf6 Bxf6
74. gxf6 Kh7 75. e5 1-0

[Event "45th Olympiad 2024"]
[Site "Budapest HUN"]
[Date "2024.09.18"]
[Round "7.35"]
[Board "3"]
[White "Sousa, Andre Ventura"]
[Black "Moayad, Anas"]
[Result "1-0"]
[WhiteTitle "IM"]
[WhiteElo "2403"]
[BlackElo "2016"]
[WhiteTeam "Portugal"]
[BlackTeam "Morocco"]
[WhiteFideId "1917617"]
[BlackFideId "9011900"]
[EventDate "2024.09.11"]

1. e4 c5 2. Nf3 d6 3. d4 cxd4 4. Nxd4 Nf6 5. Nc3 a6 6. f3 e5 7. Nb3 Be7 8. Be3
Be6 9. Qd2 Nbd7 10. g4 h6 11. O-O-O b5 12. Kb1 Nb6 13. Na5 Qc7 14. Bxb6 Qxb6 15.
Nd5 Nxd5 16. exd5 Bg5 17. Qb4 Bd7 18. Nc4 bxc4 19. Qxb6 Ke7 20. Bxc4 Rhb8 21.
Qa5 Rc8 22. Bd3 Rc5 23. Qb6 a5 24. Rhe1 a4 25. Rxe5+ Kf8 26. Qxd6+ 1-0

[Event "45th Olympiad 2024"]
[Site "Budapest HUN"]
[Date "2024.09.18"]
[Round "7.36"]
[Board "1"]
[White "Kulaots, Kaido"]
[Black "Johnson, Joshua"]
[Result "1-0"]
[WhiteTitle "GM"]
[BlackTitle "FM"]
[WhiteElo "2506"]
[BlackElo "2267"]
[WhiteTeam "Estonia"]
[BlackTeam "Trinidad & Tobago"]
[WhiteFideId "4500261"]
[BlackFideId "7700768"]
[EventDate "2024.09.11"]

1. e4 e5 2. Nf3 Nc6 3. Bb5 a6 4. Ba4 Nf6 5. O-O Be7 6. Re1 b5 7. Bb3 O-O 8. a4
Bb7 9. d3 Re8 10. Nc3 Nd4 11. Nxd4 exd4 12. Ne2 c5 13. Ng3 d6 14. c3 dxc3 15.
bxc3 Bf8 16. Bg5 h6 17. Bf4 Qd7 18. Bc2 Rac8 19. f3 g6 20. Qd2 Kh7 21. d4 Bg7
22. Red1 Qc6 23. Bb3 Re7 24. h4 c4 25. Bc2 Ree8 26. Qf2 h5 27. Rdb1 Ra8 28. Ne2
Nd7 29. Qg3 d5 30. e5 Kg8 31. Bc1 Nf8 32. f4 f5 33. Ba3 Kh7 34. Kh2 Ne6 35. Ng1
Bh6 36. Nh3 Qd7 37. Bd6 Bc6 38. Qf3 Qf7 39. g3 Bf8 40. Bxf8 Rxf8 41. Qd1 Qe7 42.
Qd2 Kg7 43. Ng1 Rfb8 44. Ne2 bxa4 45. Rxb8 Rxb8 46. Bxa4 Bxa4 47. Rxa4 Rb6 48.
Ra2 Qb7 49. Kg2 Rb1 50. Kf2 Nc7 51. Ra5 Rb2 52. Qe3 Qb6 53. Rc5 Rb5 54. e6 Rxc5
55. Qe5+ Kg8 56. dxc5 Qxc5+ 57. Nd4 Qe7 58. Kf1 a5 59. Nc6 Qg7 60. Qd6 Kh7 61.
Ne5 a4 62. e7 Ne8 63. Qc6 Qg8 64. Qxa4 Nf6 65. Nd7 Kg7 66. Nxf6 Kxf6 67. e8=Q 1-0

[Event "45th Olympiad 2024"]
[Site "Budapest HUN"]
[Date "2024.09.18"]
[Round "7.37"]
[Board "1"]
[White "Amartuvshin, Ganzorig"]
[Black "Khoder, Akram"]
[Result "0-1"]
[WhiteTitle "IM"]
[BlackTitle "FM"]
[WhiteElo "2402"]
[BlackElo "2239"]
[WhiteTeam "Mongolia"]
[BlackTeam "Lebanon"]
[WhiteFideId "4902548"]
[BlackFideId "5306914"]
[EventDate "2024.09.11"]

1. d4 d5 2. c4 c6 3. Nc3 Nf6 4. Nf3 dxc4 5. a4 Bf5 6. Ne5 Nbd7 7. Nxc4 Qc7 8. g3
e5 9. dxe5 Nxe5 10. Bf4 Nfd7 11. Bg2 g5 12. Ne3 gxf4 13. Nxf5 O-O-O 14. O-O fxg3
15. hxg3 h5 16. Qc2 h4 17. Nxh4 Rxh4 18. gxh4 Ng4 19. Rfd1 Bc5 20. e3 Bxe3 21.
Kf1 Bxf2 22. Qe4 f5 23. Qe6 Bc5 24. Rd3 Qf4+ 25. Bf3 Ne5 26. Nd5 Qxh4 27. Ne7+
Bxe7 28. Rc1 Nxd3 29. Rxc6+ Kb8 0-1

[Event "45th Olympiad 2024"]
[Site "Budapest HUN"]
[Date "2024.09.18"]
[Round "7.48"]
[Board "4"]
[White "Barros, Luis"]
[Black "Mhango, Banele"]
[Result "0-1"]
[BlackTitle "FM"]
[WhiteElo "1814"]
[BlackElo "2261"]
[WhiteTeam "Cape Verde"]
[BlackTeam "South Africa"]
[WhiteFideId "23600110"]
[BlackFideId "14327040"]
[EventDate "2024.09.11"]

1. e4 e5 2. Nf3 Nc6 3. d4 exd4 4. Nxd4 Qh4 5. Nc3 Bb4 6. Nb5 Ba5 7. Bc4 Qxe4+ 8.
Qe2 Qxe2+ 9. Kxe2 a6 10. Na3 b5 11. Ncxb5 axb5 12. Nxb5 Nf6 13. Bf4 Ba6 14. a4
O-O 15. Rhd1 Rfe8+ 16. Kf1 Re4 17. Bxc7 Rxc4 18. Bxa5 Nxa5 19. c3 Rxa4 20. c4
Rxa1 21. Rxa1 Bxb5 22. cxb5 Nd5 23. b6 Nxb6 24. Ke2 Nac4 25. Rb1 Ra2 26. Kd3
Rxb2 27. Re1 g5 28. f3 Rxg2 29. Ke4 Rd2 30. Kf5 h6 31. h4 Kg7 32. hxg5 Rd5+ 33.
Kg4 Ne5+ 34. Kg3 hxg5 35. Rh1 Rd3 36. Kg2 Rd2+ 37. Kg3 f5 38. Rg1 Nd5 39. f4
Nxf4 40. Rh1 Rg2# 0-1

[Event "45th Olympiad 2024"]
[Site "Budapest HUN"]
[Date "2024.09.18"]
[Round "7.60"]
[Board "1"]
[White "Alrehaili, Ahmed Abdullah S"]
[Black "Giron, Jorge Ernesto"]
[Result "0-1"]
[WhiteTitle "FM"]
[BlackTitle "IM"]
[WhiteElo "2117"]
[BlackElo "2276"]
[WhiteTeam "Saudi Arabia"]
[BlackTeam "El Salvador"]
[WhiteFideId "21518840"]
[BlackFideId "6702309"]
[EventDate "2024.09.11"]

1. e4 c5 2. Nf3 d6 3. d4 cxd4 4. Nxd4 Nf6 5. Nc3 Bd7 6. f3 e5 7. Nb3 Be7 8. Be3
O-O 9. Qd2 a5 10. a4 Na6 11. O-O-O Nb4 12. g4 Rc8 13. Kb1 Be6 14. Qf2 d5 15. g5
Nd7 16. exd5 Bf5 17. Ne4 Rxc2 18. Rd2 Rxd2 19. Qxd2 Nb6 20. d6 Bxd6 21. Nxa5
N6d5 22. Nxb7 Qa8 23. Nxd6 Qxa4 24. Bd3 Ra8 25. Kc1 Qb3 26. Bb1 Ra1 27. Qe2
Rxb1+ 0-1

[Event "45th Olympiad 2024"]
[Site "Budapest HUN"]
[Date "2024.09.18"]
[Round "7.68"]
[Board "2"]
[White "Drayton, Anthony"]
[Black "De Gondo, Simplice Armel"]
[Result "1-0"]
[WhiteTitle "FM"]
[BlackTitle "FM"]
[WhiteElo "1964"]
[BlackElo "2045"]
[WhiteTeam "Guyana"]
[BlackTeam "Cote d’Ivoire"]
[WhiteFideId "19700261"]
[BlackFideId "14306310"]
[EventDate "2024.09.11"]

1. d4 c5 2. d5 e5 3. dxe6 fxe6 4. e4 d5 5. Qh5+ g6 6. Qe5 Qf6 7. Qc7 Nc6 8. Bb5
Ne7 9. e5 Qf5 10. Nc3 a6 11. Ba4 d4 12. g4 Qxg4 13. f3 Qh4+ 14. Kf1 dxc3 15.
Bxc6+ Nxc6 16. bxc3 Bg7 17. Qxg7 Rf8 18. Bh6 Qe7 19. Qxf8+ Qxf8 20. Bxf8 Kxf8
21. f4 Ne7 22. Ne2 Bd7 23. Kf2 Bc6 24. Rhd1 Bd5 25. a4 Rc8 26. Rab1 Rc7 27. Ng3
Bc6 28. Rd8+ Kg7 29. a5 Nd5 30. Ne4 Nxf4 31. Nxc5 Bb5 32. c4 Bc6 33. Rd6 Kf7 34.
Ke3 g5 35. Rb6 Bd5 36. Rd7+ Rxd7 37. Nxd7 Bc6 38. Nc5 Ng6 39. Kd4 Nh4 40. Nxb7
Nf3+ 41. Ke3 Nxe5 42. Nd8+ Kf6 43. Nxc6 Nxc4+ 44. Kd4 Na3 45. Kc3 g4 46. Nd4 Kf7
47. Rb3 e5 48. Rxa3 exd4+ 49. Kxd4 1-0

[Event "45th Olympiad 2024"]
[Site "Budapest HUN"]
[Date "2024.09.18"]
[Round "7.89"]
[Board "2"]
[White "Mimbasa Kutesa, Willy"]
[Black "Mahendra Gurung"]
[Result "1-0"]
[WhiteTitle "FM"]
[WhiteElo "1848"]
[BlackElo "1725"]
[WhiteTeam "Democratic Republic of the Congo"]
[BlackTeam "Bhutan"]
[WhiteFideId "21400113"]
[BlackFideId "17501300"]
[EventDate "2024.09.11"]

1. e4 e5 2. Nf3 Nc6 3. Bc4 Bc5 4. c3 Nf6 5. d4 exd4 6. e5 Ng4 7. cxd4 Bb4+ 8.
Nc3 d5 9. Bb3 f5 10. h3 Nh6 11. Bg5 Ne7 12. Qd3 Nf7 13. Qb5+ c6 14. Qxb4 Nxg5
15. Nxg5 O-O 16. O-O-O h6 17. Nf3 b5 18. Ne2 a5 19. Qd2 b4 20. Ba4 Qb6 21. Nf4
Bd7 22. Nh4 g5 23. Nhg6 Rfe8 24. Nxe7+ Rxe7 25. Nh5 Be6 26. h4 f4 27. hxg5 hxg5
28. Nf6+ Kg7 29. Rh7+ Kf8 30. Rh8+ Kf7 31. Rxa8 Bf5 32. Bc2 Be6 33. Qd3 Rb7 34.
Qh7# 1-0